[Event "Abaza op"]
[Site "Abaza"]
[Date "2011.07.18"]
[Round "3"]
[White "Artemyev, Alexey"]
[Black "Chuldum, Artysh"]
[Result "1-0"]
[WhiteElo "2075"]
[BlackElo "2178"]
[PlyCount "70"]
[EventDate "2011.07.16"]
[EventType "swiss"]
[EventRounds "9"]
[EventCountry "RUS"]
[SourceTitle "EXT 2012"]
[Source "ChessBase"]
[SourceDate "2011.11.24"]
[SourceVersion "1"]
[SourceVersionDate "2011.11.24"]
[SourceQuality "1"]

1. d4 Nf6 2. c4 g6 3. d5 Bg7 4. Nc3 0-0 5. e4 d6 6. Be2 e6 7. Be3 exd5 8. cxd5 Re8 9. f3 c5 10. Bb5 Nbd7 11. a4 a6 12. Bf1 b6 13. Nge2 Bb7 14. Nf4 Ne5 15. Be2 Nfd7 16. 0-0 Rc8 17. Nh3 c4 18. Bd4 Nc5 19. f4 Nb3 20. fxe5 Nxd4 21. Qxd4 Bxe5 22. Qf2 f5 23. exf5 Rf8 24. f6 Rxf6 25. Qe3 b5 26. Bg4 Rb8 27. Be6+ Kg7 28. Ne4 Rxe6 29. dxe6 Qh4 30. Rf7+ Kg8 31. Qa7 d5 32. Rxb7 Re8 33. Rb8 Rxb8 34. Qf7+ Kh8 35. e7 Bd4+ 1-0

[Event "Sibiria Region-ch"]
[Site "Irkutsk"]
[Date "2009.05.15"]
[Round "8"]
[White "Pavlov, Oleg Yuryevich"]
[Black "Chuldum, Artysh"]
[Result "1-0"]
[WhiteElo "2328"]
[BlackElo "2182"]
[PlyCount "145"]
[EventDate "2009.05.10"]
[EventType "swiss"]
[EventRounds "9"]
[EventCountry "RUS"]
[SourceTitle "CBM 130 Extra"]
[Source "ChessBase"]
[SourceDate "2009.07.02"]
[SourceVersion "2"]
[SourceVersionDate "2009.07.15"]
[SourceQuality "1"]

1. d4 e6 2. Nf3 c5 3. e3 d5 4. c4 cxd4 5. exd4 Nf6 6. Nc3 dxc4 7. Bxc4 a6 8. 0-0 b5 9. Bb3 Bb7 10. Qe2 b4 11. Na4 Nbd7 12. Rd1 Be7 13. Nc5 Bd5 14. Ne5 Bxc5 15. dxc5 Nxc5 16. Bg5 Nxb3 17. axb3 h6 18. Bh4 g5 19. Bg3 0-0 20. Nc6 Qd7 21. Nxb4 Qb5 22. Qe5 Ng4 23. Qd4 f5 24. Bd6 Rfd8 25. Nxd5 exd5 26. Bb4 Qb8 27. g3 Qe5 28. Bc3 Qxd4 29. Bxd4 Kf7 30. Ra5 h5 31. Rda1 Rd6 32. b4 Rc8 33. f3 Nh6 34. Rxa6 Rxa6 35. Rxa6 Ng8 36. Bc5 g4 37. Kf2 Nf6 38. Bd4 Rc2+ 39. Ke3 Nd7 40. fxg4 fxg4 41. b5 Rxh2 42. Rd6 Ke7 43. Rxd5 h4 44. gxh4 g3 45. h5 Nf6 46. Bxf6+ Kxf6 47. Kf3 g2 48. Kf2 g1Q+ 49. Kxg1 Rxb2 50. Kf1 Rc2 51. Ke1 Ke6 52. Rg5 Kf6 53. Kd1 Rh2 54. Rc5 Ke7 55. Kc1 Kd6 56. Rg5 Ke6 57. b6 Kd7 58. b7 Kc7 59. Rb5 Kb8 60. Kd1 Ra2 61. Ke1 Rc2 62. Kf1 Rd2 63. Kg1 Re2 64. Rb6 Rd2 65. h6 Rd5 66. Kg2 Rg5+ 67. Kf2 Rg4 68. Kf3 Rg1 69. Kf4 Rg2 70. Kf5 Rg1 71. h7 Rh1 72. Kg6 Rg1+ 73. Kf7 1-0

[Event "Sibiria Region-ch"]
[Site "Irkutsk"]
[Date "2009.05.14"]
[Round "7"]
[White "Chuldum, Artysh"]
[Black "Tunik, Sergey"]
[Result "1-0"]
[WhiteElo "2182"]
[BlackElo "1790"]
[PlyCount "50"]
[EventDate "2009.05.10"]
[EventType "swiss"]
[EventRounds "9"]
[EventCountry "RUS"]
[SourceTitle "CBM 130 Extra"]
[Source "ChessBase"]
[SourceDate "2009.07.02"]
[SourceVersion "2"]
[SourceVersionDate "2009.07.15"]
[SourceQuality "1"]

1. d4 Nf6 2. c4 e6 3. Nc3 Bb4 4. Qc2 0-0 5. e4 b6 6. Bg5 Bxc3+ 7. bxc3 h6 8. Bh4 Bb7 9. Bd3 d6 10. f3 Nbd7 11. g4 c5 12. Qf2 cxd4 13. cxd4 Rc8 14. g5 hxg5 15. Bxg5 Qc7 16. Nh3 d5 17. cxd5 exd5 18. e5 Nxe5 19. 0-0 Nxd3 20. Qe3 Rfe8 21. Qxd3 Qd7 22. Nf2 Bc6 23. Bxf6 Bb5 24. Qd2 gxf6 25. Ng4 Qf5 1-0

[Event "Sibiria Region-ch"]
[Site "Novokuznetsk"]
[Date "2008.03.20"]
[Round "8"]
[White "Sultimov, Bulat"]
[Black "Chuldum, Artysh"]
[Result "1-0"]
[WhiteElo "2292"]
[BlackElo "2183"]
[PlyCount "81"]
[EventDate "2008.03.13"]
[EventType "swiss"]
[EventRounds "9"]
[EventCountry "RUS"]
[SourceTitle "CBM 123 Extra"]
[Source "ChessBase"]
[SourceDate "2008.05.06"]
[SourceVersion "1"]
[SourceVersionDate "2008.05.06"]
[SourceQuality "1"]

1. e4 c5 2. Nf3 Nc6 3. d4 cxd4 4. Nxd4 Nf6 5. Nc3 e5 6. Ndb5 d6 7. Bg5 a6 8. Na3 b5 9. Nd5 Be7 10. Bxf6 Bxf6 11. c3 0-0 12. Nc2 Bg5 13. a4 bxa4 14. Rxa4 a5 15. Bc4 Rb8 16. b3 Kh8 17. 0-0 f5 18. exf5 Bxf5 19. Nce3 Bf6 20. Ra2 e4 21. Qa1 Qd7 22. Rd1 Bd8 23. Rad2 Ne5 24. b4 Qc8 25. Bf1 axb4 26. cxb4 Nd3 27. Bxd3 exd3 28. Qd4 Re8 29. Nf4 Be4 30. Nxd3 Bf6 31. Qxd6 Bc3 32. Ra2 Rd8 33. Qa6 Qxa6 34. Rxa6 Bxd3 35. Ra3 Rbc8 36. Rc1 Bxb4 37. Rxc8 Rxc8 38. Rxd3 h6 39. g3 Kh7 40. Kg2 Rc2 41. Nxc2 1-0

[Event "Sibiria Region-ch"]
[Site "Novokuznetsk"]
[Date "2008.03.15"]
[Round "3"]
[White "Chuldum, Artysh"]
[Black "Mokhov, Leonid"]
[Result "1/2-1/2"]
[WhiteElo "2183"]
[BlackElo "2130"]
[PlyCount "30"]
[EventDate "2008.03.13"]
[EventType "swiss"]
[EventRounds "9"]
[EventCountry "RUS"]
[SourceTitle "CBM 123 Extra"]
[Source "ChessBase"]
[SourceDate "2008.05.06"]
[SourceVersion "1"]
[SourceVersionDate "2008.05.06"]
[SourceQuality "1"]

1. Nf3 d5 2. d4 Nf6 3. c4 e6 4. Nc3 Be7 5. e3 b6 6. Ne5 0-0 7. cxd5 exd5 8. Bd3 Bb7 9. 0-0 Nbd7 10. b3 a6 11. Nxd7 Qxd7 12. Bb2 Bd6 13. Qf3 Rfe8 14. Qf5 Qxf5 15. Bxf5 g6 1/2-1/2

[Event "Kyzyl op"]
[Site "Kyzyl"]
[Date "2007.01.23"]
[Round "7"]
[White "Chuldum, Artysh"]
[Black "Oorzhak, Natalia"]
[Result "1/2-1/2"]
[WhiteElo "2098"]
[BlackElo "2104"]
[PlyCount "36"]
[EventDate "2007.01.20"]
[EventType "swiss"]
[EventRounds "9"]
[EventCountry "RUS"]
[SourceTitle "EXT 2010"]
[Source "ChessBase"]
[SourceDate "2010.11.25"]
[SourceVersion "1"]
[SourceVersionDate "2010.11.25"]
[SourceQuality "1"]

1. d4 d5 2. Nf3 Bf5 3. c4 e6 4. Nc3 Nf6 5. e3 Nbd7 6. Be2 c6 7. 0-0 Bd6 8. cxd5 exd5 9. Bd3 Bg4 10. h3 Bh5 11. Re1 0-0 12. g4 Bg6 13. Nh4 Be4 14. Nf5 Bc7 15. Bxe4 Nxe4 16. Nxe4 dxe4 17. Kg2 g6 18. Ng3 Qe7 1/2-1/2

[Event "Kyzyl op"]
[Site "Kyzyl"]
[Date "2007.01.22"]
[Round "4"]
[White "Shoev, Kirill"]
[Black "Chuldum, Artysh"]
[Result "0-1"]
[WhiteElo "2186"]
[BlackElo "2098"]
[PlyCount "56"]
[EventDate "2007.01.20"]
[EventType "swiss"]
[EventRounds "9"]
[EventCountry "RUS"]
[SourceTitle "EXT 2010"]
[Source "ChessBase"]
[SourceDate "2010.11.25"]
[SourceVersion "1"]
[SourceVersionDate "2010.11.25"]
[SourceQuality "1"]

1. d4 Nf6 2. c4 d6 3. Nc3 g6 4. e4 Bg7 5. f4 0-0 6. Nf3 c5 7. dxc5 Qa5 8. Bd3 Qxc5 9. Qe2 Bg4 10. Be3 Qa5 11. 0-0 Nc6 12. Rac1 Rac8 13. Rfd1 e5 14. Bb1 Nd4 15. Rxd4 exd4 16. Bxd4 Rfe8 17. Nb5 Qxb5 18. cxb5 Rxc1+ 19. Kf2 Rxb1 20. e5 Bf5 21. Nd2 Rc1 22. Qf3 Rc2 23. Ke1 Rc1+ 24. Kf2 Rc2 25. Ke1 dxe5 26. fxe5 Ng4 27. Qxb7 Bxe5 28. Bxe5 Rxe5+ 0-1